000 00430nam a2200133Ia 4500
005 20260328104312.0
008 260328s9999||||xx |||||||||||||| ||und||
100 _aEscorcia Oyola, Olavo
245 0 _aManual de Investigación :
_b guia para la formulación, Desarrollo y divulgacion de Proyectos /
_cOlavo Escorcia Oyola
260 _bUniversidad Nacional de Colombia
300 _a121 p.
650 _aARQUITECTURA
942 _cBK
999 _c11011
_d11011